Statistics for 100 most valuable football clubs - 2017

Click here to take the quiz!

General Stats

  • This quiz has been taken 57 times
  • The average score is 41 of 100

Answer Stats

€ biAnswer% Correct
2,314ENGManchester United
98%
2,093ENGChelsea
96%
4,883ENGManchester City
96%
4,128FRAParis Saint-Germain
96%
4,559ENGArsenal
94%
1,626SPABarcelona
94%
1,370ENGLiverpool
94%
2,579SPAReal Madrid
94%
2,086GERBayern Munich
93%
2,260ITAJuventus
87%
2,591ENGTottenham Hotspur
87%
0,054BRAAtlético Mineiro
76%
0,361BRAAtlético Paranaense
76%
0,775ENGEverton
76%
0,665ITAInter Milan
76%
1,210FRAOlympique Lyonnais
76%
0,690SPAValencia
74%
1,331GERBorussia Dortmund
72%
0,295FRAOlympique Marseille
72%
0,446PORPorto
72%
0,333PORBenfica
69%
0,581ITAMilan
69%
0,563ENGNewcastle United
67%
0,446SPASevilla
67%
1,140FRAMonaco
65%
0,814ITANapoli
65%
0,577ENGWest Ham
65%
1,119ENGLeicester City
63%
0,464ITARoma
63%
0,515NEDAjax
61%
0,370WALSwansea City
59%
1,756RUSZenit St. Petersburg
59%
0,360ITALazio
56%
0,627ENGSouthampton
56%
0,092ENGAston Villa
54%
0,547UKRDynamo Kiev
54%
0,486GERSchalke 04
48%
0,191ARGBoca Juniors
46%
0,189ARGRiver Plate
46%
0,411ENGCrystal Palace
44%
1,002GERBayer Leverkusen
41%
0,955USANew York Red Bulls
41%
-0,065RUSCSKA Moscow
39%
0,185NEDFeyenoord
39%
0,191CHIShanghai Shenhua
39%
0,400CHIShanghai SIPG
39%
3,423CHIGuangzhou Evergrande
37%
1,593USALos Angeles Galaxy
37%
0,111ENGSunderland
37%
0,558MEXAmérica
35%
0,209SPAMálaga
35%
0,860USASeattle Sounders
35%
-0,015BRASantos
33%
0,469PORSporting Lisbon
33%
0,224CHIBeijing Guoan
31%
0,387USAChicago Fire
31%
0,561SPAAthletic Bilbao
30%
0,099ENGBrighton
30%
0,331ENGBournemouth
28%
0,993UKRShakhtar Donetsk
28%
-0,060TURFenerbahçe
24%
0,518USAHouston Dynamo
24%
0,151BRASão Paulo
24%
0,478RUSSpartak Moscow
24%
0,563USAOrlando City
22%
0,516USAPortland Timbers
22%
0,501MEXMonterrey
20%
0,610ENGStoke City
20%
0,221ENGBurnley
19%
0,062BRAFlamengo
19%
0,089BRAFluminense
19%
0,532MEXGuadalajara
19%
0,286BRACorinthians
17%
0,201MEXCruz Azul
17%
0,293MEXTigres UNAM
15%
1,391SPAAtlético de Madrid
13%
0,061BRAGrêmio
13%
0,079ARGIndependiente
13%
0,126BRACruzeiro
11%
0,739USANew England Revolution
11%
0,844USANew York City
11%
0,177MEXPachuca
11%
1,689GERRed Bull Leipzig
11%
0,393USASan Jose Earthquakes
11%
0,151CHITianjin Quanjian
11%
0,545USAToronto FC
11%
0,343BRAInternacional
9%
0,299MEXPumas
9%
0,165CHIChongqing Lifan
7%
0,389USAColorado Rapids
7%
0,118BRAPalmeiras
7%
0,325SPAGirona
6%
0,117SPAGranada
6%
0,322MEXTijuana
6%
0,649CHIHebei Fortune
4%
0,426USAKansas City
4%
0,125MEXToluca
4%
0,562CHIJiangsu Suning
2%
0,191CHIShandong Luneng
2%
0,015TURBesikitas
0%

Score Distribution

Percentile by Number Answered

Percent of People with Each Score

Your Score History

You have not taken this quiz